000 00711nam a2200277Ia 4500
005 20260324142902.0
008 008 260324s9999 xx 000 0 eng d
020 _a9781315806792
037 _aEBOOK
040 _aCRL
040 _beng
040 _cCRL
041 _2eng
041 _aeng
084 _qCRL
100 _a Cognitive Science Society (US) Conference
_91213593
245 0 _aProceedings of the Fourteenth Annual Conference of the Cognitive Science Society
260 _bTaylor and Francis
260 _c1993
365 _a
365 _b300
856 _uhttp://www.taylorfrancis.com/books/9781315806792
942 _cEBOOK
999 _c1818340
_d1818340